| 000 | 00554nam a22001697a 4500 | ||
|---|---|---|---|
| 008 | 230602b |||||||| |||| 00| 0 eng d | ||
| 040 |
_aNational Science Library _cNational Science Library |
||
| 080 |
_aR 31(035) _bL7 |
||
| 245 |
_aHandbook of statistics 1977 _c/ Association of Indian Engineering Industry |
||
| 250 | _a10th ed. | ||
| 260 |
_aNew Delhi: _bAssociation of Indian Engineering Industry, _c1977 |
||
| 300 | _axviii, 276p. | ||
| 365 |
_b40.00 _cINR |
||
| 650 | _aStatistics | ||
| 653 | _aEngineering industries | ||
| 942 |
_2udc _cHDK |
||
| 999 |
_c38732 _d38732 |
||